Verb movement and the syntax of Kashmiri
| Published in: | Studies in natural language and linguistic theory |
|---|---|
| Main Author: | |
| Content type: | Book |
| Published: |
Dordrecht:
Kluwer Academic Publishers
1999
|
| Series: | Studies in natural language and linguistic theory ; 46 |
| Source: | MPIPL_cat |
MARC
| LEADER | 00000cam a2200000 ub4500 | ||
|---|---|---|---|
| 001 | PL0092839 | ||
| 003 | PLI01000000000000000090465 | ||
| 005 | 00000000000000.0 | ||
| 008 | ||| u | ||
| 020 | |a 0-7923-6033-8 | ||
| 020 | |a 9780792360339 | ||
| 090 | |a 210-Bha/3 | ||
| 100 | 1 | |a Bhatt, Rakesh M. | |
| 245 | 0 | 0 | |a Verb movement and the syntax of Kashmiri |c by Rakesh Mohan Bhatt |
| 260 | |a Dordrecht |b Kluwer Academic Publishers |c 1999 | ||
| 300 | |a XIV, 291 p. | ||
| 490 | 0 | |a Studies in natural language and linguistic theory |v 46 | |
| 696 | |a Bhatt, Rakesh Mohan | ||
| 696 | |a Mohan Bhatt, R. | ||
| 830 | 0 | |w PL0000540 | |
| 852 | |c 210-Bha/3 |m BOOK | ||
| 989 | |a 01-01 | ||